000 00272nam a2200121Ia 4500
008 190216s9999||||xx |||||||||||||| ||und||
100 _aAman Jindal
245 0 _aManagement Information System
260 _bKalyani Pub
300 _a210
650 _aCommerce
942 _cBK
999 _c7405
_d7405